000 02862nam a22003617a 4500
005 20110812140737.0
010 _aENG-103293 B-464591-600
020 _c395.00
_a9788179103296
035 _aEN-86826 B-464591-600
037 _bDBAD/PUB
037 _bRBC/Ven
082 _a320.934
100 _aMannadiar, N. S.
_949441
245 _aKautilya's Arthasastra :
_cby N.S. Mannadiar,
_bbasics and essence /
260 _aJaipur
_bAavishkar Publishers
_c2010
270 _a807, Vyas Building, Chaura Rasta
_bJaipur
_e302003
300 _axii,116p. :
_c23cm (Hb)
_bill.
500 _aIncludes bibliographical references and index
700 _931640
942 _2ddc
_cEN
_mMAN
_h320.934
999 _c55365
_d55365